Analog signal processing with Laplace transforms and active filter design / (Record no. 870)

MARC details
000 -LEADER
fixed length control field 00682nac a22001811u 4500
020 ## - INTERNATIONAL STANDARD BOOK NUMBER
International Standard Book Number 9812406190
082 ## - DEWEY DECIMAL CLASSIFICATION NUMBER
Classification number 621.3822
Item number M4821
090 ## - LOCALLY ASSIGNED LC-TYPE CALL NUMBER (OCLC); LOCAL CALL NUMBER (OCLC)
-- 870
-- 870
100 ## - MAIN ENTRY--PERSONAL NAME
Personal name Meador, Don A.
245 ## - TITLE STATEMENT
Title Analog signal processing with Laplace transforms and active filter design /
Statement of responsibility, etc Don Meador.
260 ## - PUBLICATION, DISTRIBUTION, ETC. (IMPRINT)
Place of publication, distribution, etc United Kingdom :
Name of publisher, distributor, etc Delmar, Thomson Learning,
Date of publication, distribution, etc c2002.
300 ## - PHYSICAL DESCRIPTION
Extent xii, 514 p. :
Other physical details ill. ;
Dimensions 25 cm.
500 ## - GENERAL NOTE
General note Includes index.
650 ## - SUBJECT ADDED ENTRY--TOPICAL TERM
Topical term or geographic name as entry element Signal processing.
650 ## - SUBJECT ADDED ENTRY--TOPICAL TERM
Topical term or geographic name as entry element Laplace transformation.
942 ## - ADDED ENTRY ELEMENTS (KOHA)
Item type Book - Borrowing
Call number prefix 621.3822M4821
Holdings
Withdrawn status Item status Source of classification or shelving scheme Damaged status Not for loan Vendor Home library Current library Shelving location Date acquired Source of acquisition Cost, normal purchase price Total Checkouts Full call number Barcode Date last seen Cost, replacement price Koha item type
    Dewey Decimal Classification       Central Library Central Library First floor 06/08/2006   200.00   621.3822 MEA 000003660 15/07/2025 250.00 Book - Borrowing